| 000 | 01082nam a22002535i 4500 | ||
|---|---|---|---|
| 001 | 158724 | ||
| 003 | ES-MaACL | ||
| 005 | 20251003063140.0 | ||
| 008 | 990916s1873 fr a |||| | fre d | ||
| 040 |
_aCCPB | B _bspa _cCCPB | B |
||
| 100 | 1 |
_aMarey, Etienne Jules, _d1830-1904 _9129480 |
|
| 245 | 1 | 3 |
_aLa machine animale _b: locomotion terrestre et aérienne / _cpar E.J. Marey. |
| 260 |
_aParis : _bLibrairie Germer Baillière, _c1873. |
||
| 300 |
_aX, 299 p. : _bil. ; _c22 cm. |
||
| 490 | 1 |
_aBibliothèque scientifique internationale ; _v3 |
|
| 597 | _aAntep. | ||
| 598 | _aLa ser. consta en antep. | ||
| 599 | _aConsta en port.: Avec 117 figures dans le texte. | ||
| 650 | 4 |
_aMovimiento (Fisiología) _9136547 |
|
| 650 | 4 |
_aAnimales- _xLocomoción. _9147522 |
|
| 830 | 0 |
_aBibliothèque scientifique internationale ; _v3 _9186949 |
|
| 852 |
_aES-MaACL _jF-14334 _z-- Enc. editorial en tela _z-- Enc. con 48 p. del catálogo de la Librairie Germer Baillière de enero de 1873 _x-- Edic.: El imp. es: Coulommiers : Typ. A. Moussin |
||
| 999 |
_c158724 _d158724 |
||